MALAYA THE COMMUNIST INSURGENT WAR 1948-60 (Record no. 582142)
[ view plain ]
| 000 -LEADER | |
|---|---|
| fixed length control field | 00270nam a22001097a 4500 |
| 082 ## - DEWEY DECIMAL CLASSIFICATION NUMBER | |
| Classification number | 355.02 BAL'M |
| 100 ## - MAIN ENTRY--PERSONAL NAME | |
| Personal name | BALLANCE, EDGAR O |
| 9 (RLIN) | 76819 |
| 245 ## - TITLE STATEMENT | |
| Title | MALAYA THE COMMUNIST INSURGENT WAR 1948-60 |
| 260 ## - PUBLICATION, DISTRIBUTION, ETC. | |
| Place of publication, distribution, etc. | LONDON |
| Name of publisher, distributor, etc. | FABER & FABER |
| Date of publication, distribution, etc. | 1966 |
| 300 ## - PHYSICAL DESCRIPTION | |
| Extent | 188P |
| 942 ## - ADDED ENTRY ELEMENTS (KOHA) | |
| Koha item type | Book |
| Withdrawn status | Lost status | Damaged status | Not for loan | Permanent Location | Current Location | Shelving location | Date acquired | Total Checkouts | Full call number | Barcode | Date last seen | Price effective from | Koha item type |
|---|---|---|---|---|---|---|---|---|---|---|---|---|---|
| College of Electrical & Mechanical Engineering (CEME) | College of Electrical & Mechanical Engineering (CEME) | General Stacks | 06/02/2017 | 355.02 BAL'M | CEME-10563 | 06/28/2021 | 06/28/2021 | Book |
